<?xml version="1.0" encoding="UTF-8"?>
<record
    xmlns:xsi="http://www.w3.org/2001/XMLSchema-instance"
    xsi:schemaLocation="http://www.loc.gov/MARC21/slim http://www.loc.gov/standards/marcxml/schema/MARC21slim.xsd"
    xmlns="http://www.loc.gov/MARC21/slim">

  <leader>00735nab a2200193uuc4500</leader>
  <controlfield tag="001">1368121</controlfield>
  <controlfield tag="005">20240202114455.0</controlfield>
  <controlfield tag="008">140425e19240401                    spa  </controlfield>
  <datafield tag="035" ind1=" " ind2=" ">
    <subfield code="a">1368121</subfield>
  </datafield>
  <datafield tag="040" ind1=" " ind2=" ">
    <subfield code="c">comduadb</subfield>
  </datafield>
  <datafield tag="041" ind1=" " ind2=" ">
    <subfield code="a">spa</subfield>
  </datafield>
  <datafield tag="100" ind1="1" ind2="0">
    <subfield code="a">Gregg, Alan</subfield>
    <subfield code="4">aut</subfield>
    <subfield code="e">aut</subfield>
    <subfield code="9">275087</subfield>
  </datafield>
  <datafield tag="245" ind1="1" ind2="3">
    <subfield code="a">Comentario sobre la Facultad de Medicina de la Universidad de Bogota, Colombia, Por el doctor Alan Gregg de New York</subfield>
  </datafield>
  <datafield tag="260" ind1=" " ind2=" ">
    <subfield code="c">01 - Abr - 1924.</subfield>
  </datafield>
  <datafield tag="650" ind1=" " ind2=" ">
    <subfield code="a">Bogot&#xE1; (Colombia)</subfield>
    <subfield code="9">29353</subfield>
  </datafield>
  <datafield tag="650" ind1=" " ind2=" ">
    <subfield code="a">Facultad de Medicina y Ciencias Naturales (Bogota) - Reglamentos</subfield>
    <subfield code="9">95346</subfield>
  </datafield>
  <datafield tag="773" ind1="0" ind2=" ">
    <subfield code="t">Repertorio de Medicina y Cirug&#xED;a (Bogot&#xE1;)</subfield>
    <subfield code="g">Volumen 15, N&#xFA;mero 07, Abril 1924, P. 357 - 362</subfield>
    <subfield code="w">486162</subfield>
    <subfield code="x">0121-7372</subfield>
    <subfield code="0">127625</subfield>
  </datafield>
  <datafield tag="942" ind1=" " ind2=" ">
    <subfield code="c">ARIMP</subfield>
  </datafield>
  <datafield tag="999" ind1=" " ind2=" ">
    <subfield code="c">678121</subfield>
    <subfield code="d">678121</subfield>
  </datafield>
</record>
